Catecismo social / [por] Eberhard Welty ; tr. por Juan Manuel Pérez, O.P.

Guardado en:
Bibliografiske detaljer
Hovedforfatter: Welty, Eberhard (autor)
Format: Bog
Serier:Biblioteca Herder. Sección de Ciencias Sociales ; 18, 19
Fag:
Tags: Tilføj Tag
Ingen Tags, Vær først til at tagge denne postø!

MARC

LEADER 00000nam^a2200000^u^4500
001 000544257
005 20250521000000.0
008 060220s1000^^^^^^^^^^^^r^^^^^000^0^spa^d
009 20260310131324.748
035 |a FMI 000013381 
037 |a Acervo Xavier Clavigero 
096 |a 6.5/2/C 
100 |a Welty, Eberhard  |e (autor) 
245 1 0 |a Catecismo social / [por] Eberhard Welty ; tr. por Juan Manuel Pérez, O.P. 
264 |a Barcelona : Herder, 1957-1962 
300 |a 2 v. 
336 |a texto  |b txt  |2 rdacontenido 
337 |a sin mediación  |b n  |2 rdamedio 
338 |a volumen  |b nc  |2 rdasoporte 
440 0 |a Biblioteca Herder. Sección de Ciencias Sociales ; 18, 19 
597 |a Trad. del alemán ("Herders sozialkatechismus"). 
597 |a t. I. Cuestiones y elementos fundamentales de la vida social (1962).--t. II. La Constitución del Orden Social (1957) 
649 |a XX 
650 |a Ética 
910 |a Fondo Francisco Migoya Covarrubias S.J. 
920 |a Impresos - Libros 
930 |a Fondos Especiales 
905 |a 134 
901 |a SBC06253  |b IT2  |c ESP  |u 20250521 
901 |a SBC08823  |b IT2  |c ESP  |u 20250521 
902 |a https://opac.biblio.iteso.mx/vufind/Record/000544257